[Event "Online Olym Div3 E"]
[Site "Chess.com INT"]
[Date "2020.08.09"]
[Round "7.2"]
[White "Espinoza Solano, Jose Nahum"]
[Black "Pacheco Marte, Sergio Andres"]
[Result "0-1"]
[WhiteElo "2082"]
[BlackElo "1865"]
[PlyCount "88"]
[EventDate "2020.08.07"]
[EventType "team-tourn (rapid)"]
[EventRounds "9"]
[EventCountry "USA"]
[SourceTitle "CBM 198"]
[Source "ChessBase"]
[SourceDate "2020.10.31"]
[SourceVersion "1"]
[SourceVersionDate "2020.10.31"]
[SourceQuality "1"]
[WhiteTeam "Nicaragua"]
[BlackTeam "Dominican Republic"]
[WhiteTeamCountry "NCA"]
[BlackTeamCountry "DOM"]

1. e4 c5 2. Nf3 Nc6 3. d4 cxd4 4. Nxd4 Nf6 5. Nc3 e5 6. Ndb5 d6 7. Bg5 a6 8. Na3 b5 9. Bxf6 gxf6 10. Nd5 f5 11. Bxb5 axb5 12. Nxb5 Ra5 13. Nbc7+ Kd7 14. 0-0 Ne7 15. b4 Nxd5 16. Nxd5 Ra7 17. Qh5 Ke8 18. b5 fxe4 19. b6 Rb7 20. a4 Be6 21. Nc7+ Rxc7 22. bxc7 Qxc7 23. a5 Be7 24. a6 Kd7 25. Rfb1 Ra8 26. Qe2 Ra7 27. Qb5+ Kd8 28. h3 Bc4 29. Qb8+ Qxb8 30. Rxb8+ Kd7 31. Rb4 d5 32. Rb6 Bd6 33. Rab1 Rxa6 34. Rxa6 Bxa6 35. Rb6 Bc4 36. g4 d4 37. Rb7+ Ke6 38. Rb1 d3 39. cxd3 exd3 40. Kg2 d2 41. Kf3 Bb3 42. Ke2 d1Q+ 43. Rxd1 Bxd1+ 44. Kxd1 Kd5 0-1

[Event "DOM-ch"]
[Site "Santo Domingo"]
[Date "2019.04.26"]
[Round "1"]
[White "Pacheco Marte, Sergio Andres"]
[Black "Araujo Sanchez, Josue"]
[Result "0-1"]
[WhiteElo "1854"]
[BlackElo "2140"]
[PlyCount "62"]
[EventDate "2019.04.26"]
[EventType "swiss"]
[EventRounds "11"]
[EventCountry "DOM"]
[SourceTitle "CBM 190 Extra"]
[Source "ChessBase"]
[SourceDate "2019.07.15"]
[SourceVersion "1"]
[SourceVersionDate "2019.07.15"]
[SourceQuality "1"]

1. e4 c5 2. Nf3 Nc6 3. d3 d6 4. g3 g6 5. Bg2 Bg7 6. 0-0 e5 7. Nbd2 Nge7 8. Nc4 0-0 9. a4 h6 10. Nfd2 Be6 11. Ne3 d5 12. exd5 Nxd5 13. Ne4 b6 14. Nc3 Nde7 15. a5 Rb8 16. axb6 axb6 17. Nb5 Nd4 18. Nxd4 cxd4 19. Nc4 Qc7 20. b3 b5 21. Nd2 Rfc8 22. Ra2 Nd5 23. Bxd5 Bxd5 24. Nf3 Ra8 25. Rxa8 Bxa8 26. Ne1 Qc6 27. f3 f5 28. Qe2 g5 29. h4 g4 30. f4 Qh1+ 31. Kf2 Qh2+ 0-1

[Event "Santo Domingo Independencia op 8th"]
[Site "Santo Domingo"]
[Date "2019.02.16"]
[Round "2"]
[White "Pacheco Marte, Sergio Andres"]
[Black "Garcia Matos, Reynaldo Alexis"]
[Result "0-1"]
[WhiteElo "1848"]
[BlackElo "2140"]
[PlyCount "34"]
[EventDate "2019.02.15"]
[EventType "swiss"]
[EventRounds "8"]
[EventCountry "DOM"]
[SourceTitle "CBM 189 Extra"]
[Source "ChessBase"]
[SourceDate "2019.06.03"]
[SourceVersion "1"]
[SourceVersionDate "2019.06.03"]
[SourceQuality "1"]

1. e4 e6 2. d3 d5 3. Nd2 c5 4. Ngf3 Nf6 5. g3 Be7 6. Bg2 Nc6 7. 0-0 b5 8. Re1 a5 9. e5 Nd7 10. Nf1 Qc7 11. Bf4 h6 12. h4 Bb7 13. Qd2 b4 14. Ne3 Nb6 15. h5 Nd4 16. c3 Nxf3+ 17. Bxf3 d4 0-1

[Event "Santo Domingo Independencia op"]
[Site "Santo Domingo"]
[Date "2018.02.24"]
[Round "7"]
[White "Pacheco Marte, Sergio Andres"]
[Black "Gil Lauriano, Saury"]
[Result "0-1"]
[WhiteElo "1827"]
[BlackElo "1917"]
[PlyCount "94"]
[EventDate "2018.02.16"]
[EventType "swiss"]
[EventRounds "8"]
[EventCountry "DOM"]
[SourceTitle "CBM 187 Extra"]
[Source "ChessBase"]
[SourceDate "2018.11.04"]
[SourceVersion "1"]
[SourceVersionDate "2018.11.04"]
[SourceQuality "1"]

1. e4 c5 2. Nf3 d6 3. g3 Nc6 4. Bg2 Nf6 5. d3 g6 6. c3 Bg7 7. 0-0 0-0 8. Re1 Rb8 9. a4 Qc7 10. Nbd2 b6 11. Nc4 Ng4 12. h3 Nge5 13. Nfxe5 Nxe5 14. Nxe5 dxe5 15. Be3 Bb7 16. Qc2 e6 17. Rad1 f5 18. Qb3 Qf7 19. exf5 Bxg2 20. Kxg2 Qxf5 21. Qc4 Rbd8 22. Qe4 Rd7 23. Rd2 Rfd8 24. Red1 Kf7 25. g4 Qxe4+ 26. dxe4 Rxd2 27. Rxd2 Rxd2 28. Bxd2 Ke8 29. c4 Kd7 30. Kf3 Kc6 31. Ke2 a6 32. Kd3 Bf8 33. Kc3 b5 34. cxb5+ axb5 35. a5 Bd6 36. b4 Kb7 37. Kb3 Ka6 38. Bc3 cxb4 39. Bxb4 Bxb4 40. Kxb4 g5 41. f3 h6 42. Kc5 Kxa5 43. Kd6 b4 44. Kxe6 b3 45. Kxe5 b2 46. Kf6 b1Q 47. e5 Qb8 0-1

[Event "Santo Domingo Independencia op"]
[Site "Santo Domingo"]
[Date "2018.02.17"]
[Round "3"]
[White "Araujo Sanchez, Josue"]
[Black "Pacheco Marte, Sergio Andres"]
[Result "1-0"]
[WhiteElo "2125"]
[BlackElo "1827"]
[PlyCount "71"]
[EventDate "2018.02.16"]
[EventType "swiss"]
[EventRounds "8"]
[EventCountry "DOM"]
[SourceTitle "CBM 187 Extra"]
[Source "ChessBase"]
[SourceDate "2018.11.04"]
[SourceVersion "1"]
[SourceVersionDate "2018.11.04"]
[SourceQuality "1"]

1. e4 Nc6 2. d4 d5 3. e5 Bf5 4. c3 e6 5. Ne2 Be7 6. Ng3 Bg6 7. Nh5 Bxh5 8. Qxh5 g6 9. Qh3 Bf8 10. Bb5 Bg7 11. 0-0 Nge7 12. b4 0-0 13. Bg5 Qd7 14. Bf6 a6 15. Ba4 b5 16. Bb3 a5 17. bxa5 Nxa5 18. Nd2 Ra7 19. Rfd1 Nc4 20. g4 Nxd2 21. Rxd2 h6 22. f4 Kh7 23. Bc2 Rg8 24. Kh1 Qe8 25. Rf2 c6 26. f5 Nc8 27. Bg5 Nb6 28. f6 Bf8 29. Bxh6 Bxh6 30. g5 Qf8 31. Rf4 Rh8 32. Rh4 Kg8 33. gxh6 Kh7 34. Rg4 Qe8 35. Qg2 Nc4 36. Rxg6 1-0

[Event "Santo Domingo op11"]
[Site "Santo Domingo"]
[Date "2017.11.24"]
[Round "5"]
[White "Pacheco Marte, Sergio Andres"]
[Black "Arias Diaz, Ernesto Antonio"]
[Result "1/2-1/2"]
[WhiteElo "1684"]
[BlackElo "1835"]
[PlyCount "49"]
[EventDate "2017.11.17"]
[EventType "swiss"]
[EventRounds "8"]
[EventCountry "DOM"]
[SourceTitle "CBM 181 Extra"]
[Source "ChessBase"]
[SourceDate "2017.12.12"]
[SourceVersion "1"]
[SourceVersionDate "2017.12.12"]
[SourceQuality "1"]

1. e4 e6 2. d3 d5 3. Nd2 Nf6 4. Ngf3 c5 5. g3 Be7 6. Bg2 Nc6 7. 0-0 0-0 8. Re1 b5 9. e5 Nd7 10. Nf1 b4 11. h4 Qc7 12. Bf4 Re8 13. Ne3 Qb6 14. h5 h6 15. Ng4 Bf8 16. Qd2 Kh7 17. Nh4 Ne7 18. c4 Bb7 19. Qe2 d4 20. Be4+ Bxe4 21. Qxe4+ Kh8 22. Qf3 Qc6 23. Re4 Nf5 24. Re2 Qxf3 25. Nxf3 1/2-1/2

[Event "Santo Domingo op11"]
[Site "Santo Domingo"]
[Date "2017.11.18"]
[Round "3"]
[White "Pacheco Marte, Sergio Andres"]
[Black "Diaz, Eugenio Daniel"]
[Result "1/2-1/2"]
[WhiteElo "1684"]
[BlackElo "1963"]
[PlyCount "67"]
[EventDate "2017.11.17"]
[EventType "swiss"]
[EventRounds "8"]
[EventCountry "DOM"]
[SourceTitle "CBM 181 Extra"]
[Source "ChessBase"]
[SourceDate "2017.12.12"]
[SourceVersion "1"]
[SourceVersionDate "2017.12.12"]
[SourceQuality "1"]

1. e4 e6 2. d3 d5 3. Nd2 Nf6 4. Ngf3 c5 5. g3 Nc6 6. Bg2 Be7 7. 0-0 0-0 8. Re1 Qc7 9. e5 Nd7 10. Qe2 Nd4 11. Nxd4 cxd4 12. Nf3 Bb4 13. Bd2 Bc5 14. Bf4 b5 15. h4 Bb7 16. h5 Rac8 17. h6 g6 18. Nh2 Be7 19. Rac1 Qb6 20. Qg4 Qa5 21. Bg5 Bxg5 22. Qxg5 Rxc2 23. Ng4 Rfc8 24. Nf6+ Nxf6 25. Qxf6 Kf8 26. Qh8+ Ke7 27. Qf6+ Ke8 28. Qh8+ Kd7 29. Qg7 R8c6 30. Qxf7+ Kc8 31. Qf8+ Kc7 32. Rxc2 Qxe1+ 33. Kh2 Rxc2 34. Qe7+ 1/2-1/2

[Event "Santo Domingo Guzman Cup"]
[Site "Santo Domingo"]
[Date "2017.10.21"]
[Round "2"]
[White "Pacheco Marte, Sergio Andres"]
[Black "Franco Rodriguez, Andres Avelino"]
[Result "1/2-1/2"]
[WhiteElo "1735"]
[BlackElo "2043"]
[PlyCount "70"]
[EventDate "2017.10.20"]
[EventType "swiss"]
[EventRounds "8"]
[EventCountry "DOM"]
[SourceTitle "CBM 181 Extra"]
[Source "ChessBase"]
[SourceDate "2017.12.12"]
[SourceVersion "1"]
[SourceVersionDate "2017.12.12"]
[SourceQuality "1"]

1. e4 c5 2. Nf3 Nc6 3. d3 d6 4. g3 g6 5. Bg2 Nf6 6. 0-0 Bg7 7. h3 Bd7 8. Re1 e5 9. c3 0-0 10. Nbd2 Qc8 11. Kh2 b5 12. Nf1 a5 13. Ne3 h5 14. Nd5 Nxd5 15. exd5 Ne7 16. d4 cxd4 17. cxd4 f6 18. Qe2 Qb7 19. dxe5 fxe5 20. Bg5 Rae8 21. Rad1 Nxd5 22. Nxe5 Rxe5 23. Qxe5 Bxe5 24. Bxd5+ Qxd5 25. Rxd5 Rxf2+ 26. Kg1 Rxb2 27. Rexe5 dxe5 28. Rxd7 Rxa2 29. Rd5 b4 30. Rxe5 b3 31. Re1 Kf7 32. Re7+ Kf8 33. Re1 Rc2 34. Be7+ Kf7 35. Ba3 Ra2 1/2-1/2

[Event "Santo Domingo Duarte Memorial 6th"]
[Site "Santo Domingo"]
[Date "2017.01.28"]
[Round "3"]
[White "De la Rosa, Isaias"]
[Black "Pacheco Marte, Sergio Andres"]
[Result "1-0"]
[WhiteElo "1823"]
[BlackElo "1625"]
[PlyCount "69"]
[EventDate "2017.01.27"]
[EventType "swiss"]
[EventRounds "8"]
[EventCountry "DOM"]
[SourceTitle "CBM 176 Extra"]
[Source "ChessBase"]
[SourceDate "2017.03.02"]
[SourceVersion "1"]
[SourceVersionDate "2017.03.02"]
[SourceQuality "1"]

1. c4 Nf6 2. Nc3 g6 3. g3 Bg7 4. Bg2 0-0 5. e4 d6 6. Nge2 e5 7. 0-0 Nc6 8. d3 Ne7 9. h3 Ne8 10. Kh2 f5 11. f4 exf4 12. Nxf4 Nf6 13. exf5 Nxf5 14. Ncd5 c6 15. Ne3 Nxe3 16. Bxe3 Re8 17. Qd2 d5 18. cxd5 Nxd5 19. Nxd5 cxd5 20. Bg5 Qd6 21. Bf4 Qd8 22. Bg5 Qd6 23. Rae1 Be6 24. Bf6 Rf8 25. Qg5 Rae8 26. Bxg7 Kxg7 27. Rxf8 Rxf8 28. Qe3 Re8 29. Qd4+ Kg8 30. Qxa7 Qd7 31. Qd4 Qb5 32. Bxd5 Qxd5 33. Qxd5 Bxd5 34. Rxe8+ Kf7 35. Ra8 1-0

[Event "Santo Domingo Duarte Memorial 6th"]
[Site "Santo Domingo"]
[Date "2017.01.27"]
[Round "1"]
[White "Pacheco Marte, Sergio Andres"]
[Black "Acevedo Vargas, Julio"]
[Result "1-0"]
[WhiteElo "1625"]
[BlackElo "1960"]
[PlyCount "57"]
[EventDate "2017.01.27"]
[EventType "swiss"]
[EventRounds "8"]
[EventCountry "DOM"]
[SourceTitle "CBM 176 Extra"]
[Source "ChessBase"]
[SourceDate "2017.03.02"]
[SourceVersion "1"]
[SourceVersionDate "2017.03.02"]
[SourceQuality "1"]

1. e4 c5 2. Nf3 d6 3. g3 Nc6 4. Bg2 g6 5. 0-0 Bg7 6. d3 Nf6 7. c3 0-0 8. Re1 Bd7 9. d4 cxd4 10. cxd4 Rc8 11. Nc3 Qb6 12. h3 Na5 13. e5 dxe5 14. dxe5 Rfd8 15. exf6 Bxh3 16. Qe2 Bxg2 17. Kxg2 Bxf6 18. Be3 Qc6 19. Rac1 b6 20. Red1 Qb7 21. Rxd8+ Rxd8 22. Rd1 Rc8 23. Qd3 Nc4 24. Bh6 e6 25. Qd7 Qa8 26. Ne4 Bxb2 27. Neg5 Ne5 28. Qd6 Re8 29. Qc7 1-0